Statistics for The 1975 - Robbers lyrics

Click here to take the quiz!

General Stats

  • This quiz has been taken 496 times
  • The average score is 169 of 207

Answer Stats

Answer% Correct
a
99%
I
98%
She
98%
she
98%
you
98%
You
98%
face
96%
magazine
96%
of
96%
out
96%
straight
95%
And
93%
and
93%
on
93%
gun
92%
her
92%
Her
92%
know
91%
never
91%
had
90%
to
90%
be
89%
Babe
88%
babe
88%
his
88%
leave
88%
more
88%
now
88%
Now
88%
one
88%
got
87%
stay
87%
so
86%
when
86%
you'll
86%
begging
85%
give
85%
he's
85%
look
85%
time
85%
if
84%
I'll
83%
the
83%
cool
82%
is
82%
starting
82%
your
82%
but
81%
But
81%
chafe
81%
gets
79%
God
78%
knows
78%
only
78%
Balaclava
76%
shoot
76%
dead
75%
fight
75%
pretty
75%
that
75%
kind
74%
school
74%
she's
74%
She's
74%
everybody's
73%
grow
73%
my
73%
old
73%
Said
72%
take
72%
We'll
71%
Well
71%
off
70%
past
70%
come
69%
dirty
69%
driving
69%
mask
69%
find
68%
have
68%
it's
68%
It's
68%
just
68%
police
68%
says
68%
You've
68%
you've
68%
gone
67%
what
66%
wrong
65%
everything's
64%
eat
63%
ask
61%
harder
61%
much
61%
leaving
59%
home
58%
line
57%
suit
55%
him
54%
Cause
52%
cause
52%
they're
52%
Will
47%
You'd
46%
you'd
46%
riot
42%
There'll
31%
coo-oo-oo-ool
7%

Score Distribution

Percentile by Number Answered

Percent of People with Each Score

Your Score History

You have not taken this quiz